| 000 | 00680nam a22001337a 4500 | ||
|---|---|---|---|
| 040 | _cRUA | ||
| 082 | _aANS THY 2018 B648 OR.1 | ||
| 100 | _aTHY RIN ធី រីន | ||
| 245 | _asupplementation to concentrated feed on growth performance of fattenning pigs (60-100KG) ឥទ្ធិពលនៃការបន្ថែមអង់ស៊ីម XYLANASE នៅក្នុងចំណីសម្រេចនៅលើការលូតលាស់របស់ជ្រូកសាច់ទម្ងន់ចន្លោះពី៦០ ១០០គីឡូក្រោម | ||
| 260 |
_aRUA _bPhnom penh _c2018 |
||
| 300 |
_ax;39p _bill; _c29cm |
||
| 856 | _u THY RIN | ||
| 942 | _cANS | ||
| 999 |
_c18260 _d18260 |
||